Premier League Torschützen 2024/2025 - Statistiken

Allgemein
  • Dieses Quiz wurde 279 mal gespielt
  • Das Durchschnittsergebnis liegt bei 7 aus 11
Antwortstatistiken
Tore Verein Spieler % Korrekt
29 FC Liverpool Mohamed Salah
100%
22 Manchester City Erling Haaland
99%
23 Newcastle United Alexander Isak
94%
15 FC Chelsea Cole Palmer
79%
16 Aston Villa Ollie Watkins
67%
20 Nottingham Forest Chris Wood
60%
20 FC Brentford Bryan Mbeumo
59%
14 Crystal Palace Jean-Philippe Mateta
55%
15 Wolverhampton Wanderers Matheus Cunha
54%
19 FC Brentford Yoane Wissa
38%
14 Wolverhampton Wanderers Jørgen Strand Larsen
21%
Keine übereinstimmenden Quizze gefunden
Verteilung der Resultate
Anzahl Personen mit jedem Resultat
Perzentil nach korrekt beantworteten Fragen
Ihre Resultats-Entwicklung
Sie haben dieses Quiz noch nicht gespielt